[Event "Altensteig"]
[Site "Altensteig"]
[Date "1994.??.??"]
[Round "7"]
[White "Speelman, Jonathan S"]
[Black "Zvjaginsev, Vadim"]
[Result "1/2-1/2"]
[WhiteElo "2600"]
[BlackElo "2585"]

1.d4 d5 2.c4 e6 3.Nc3 Bb4 4.cxd5 exd5 5.Bf4 Ne7 6.e3 O-O 7.Bd3 Bf5 8.Bxf5 Nxf5
9.Qb3 c5 10.dxc5 Na6 11.Rd1 Qa5 12.Ne2 Rfd8 13.Qc2 Bxc3+ 14.bxc3 Ne7 15.Bd6 Nc8
16.Rxd5 Nxd6 17.Rxd6 Nxc5 18.Rxd8+ Rxd8 19.O-O Qa4 20.Qb2 Rd1 21.Ng3 b6 22.h3 g6
23.Qe2 Rd3 24.Rc1 Qd7 25.Qf3 Rd2 26.Nf1 Rxa2 27.Rd1 Qe7 28.Ng3 Kg7 29.Qg4 Qe5
30.Rd8 Ra1+ 31.Kh2 Ne6 32.Rd7 h5 33.Qf3 Ng5 34.Qf4 Qxf4 35.exf4 Nh7 36.Ne4 Nf6
37.Nxf6 Kxf6 38.g4 hxg4  1/2-1/2

[Event "Altensteig"]
[Site "Altensteig"]
[Date "1994.??.??"]
[Round "8"]
[White "Vogt, Lothar"]
[Black "Speelman, Jonathan S"]
[Result "1/2-1/2"]
[WhiteElo "2515"]
[BlackElo "2600"]

1.e4 c6 2.d4 d5 3.Nd2 dxe4 4.Nxe4 Nd7 5.Nf3 Ngf6 6.Ng3 c5 7.dxc5 e6 8.c6 bxc6
9.Be2 h5 10.Nf1 Bc5 11.Ne3 Ng4 12.h3 Nxe3 13.Bxe3 Bxe3 14.fxe3 Qb6 15.Qd4 e5
16.Qc3 Rb8 17.O-O-O Qb4 18.Qxb4 Rxb4 19.Rd6 Rb6 20.Nd2 Ke7 21.Nc4 Ra6 22.a3 c5
23.Rd5 Rg6 24.Bf3 Re6 25.Rhd1 g6 26.e4 Rf8 27.Na5 f5 28.Nb3 fxe4 29.Bxe4 Nf6
30.Nxc5 Nxd5 31.Nxe6 Bxe6 32.Bxd5 Rf2 33.Bxe6 Kxe6 34.c4 e4 35.c5 Ke5 36.b4 e3
37.c6 e2 38.Re1 Kd6 39.b5 a6 40.a4 axb5 41.axb5 Rxg2 42.Kd2 Rg5 43.Rc1 Kc7
44.Kxe2  1/2-1/2

[Event "Altensteig"]
[Site "Altensteig"]
[Date "1994.??.??"]
[Round "9"]
[White "Speelman, Jonathan S"]
[Black "Ribli, Zoltan"]
[Result "1/2-1/2"]
[WhiteElo "2600"]
[BlackElo "2605"]

1.Nf3 Nf6 2.c4 e6 3.g3 d5 4.b3 Be7 5.Bb2 O-O 6.Bg2 b6 7.O-O Bb7 8.cxd5 Nxd5
9.d4 Nd7 10.Nbd2 c5 11.a3 Rc8 12.dxc5  1/2-1/2

[Event "Altensteig"]
[Site "Altensteig"]
[Date "1994.??.??"]
[Round "10"]
[White "Hug, Werner"]
[Black "Speelman, Jonathan S"]
[Result "1/2-1/2"]
[WhiteElo "2445"]
[BlackElo "2600"]

1.Nf3 d5 2.g3 c6 3.Bg2 Bg4 4.O-O Nd7 5.d4 e6 6.Nbd2 f5 7.c4 Bd6 8.Qb3 Rb8
9.Re1 Nh6 10.cxd5 cxd5 11.Ne5 Nxe5 12.dxe5 Bc7 13.h3 Bh5 14.f4 Bb6+ 15.Kh2 O-O
16.Nf3 Bxf3 17.Bxf3  1/2-1/2

[Event "Altensteig"]
[Site "Altensteig"]
[Date "1994.??.??"]
[Round "11"]
[White "Speelman, Jonathan S"]
[Black "Bezold, Michael"]
[Result "1-0"]
[WhiteElo "2600"]
[BlackElo "2475"]

1.d4 d6 2.Nf3 Bg4 3.c4 Nd7 4.Nc3 e5 5.g3 Bxf3 6.exf3 Ngf6 7.Bg2 c6 8.O-O Be7
9.d5 c5 10.f4 O-O 11.Qc2 exf4 12.Bxf4 Nh5 13.Bd2 g6 14.Rae1 Ng7 15.b3 Nf5
16.Bh3 Nd4 17.Qd1 Re8 18.Be3 Bf6 19.Bxd4 Rxe1 20.Rxe1 Bxd4 21.Nb5 Be5 22.f4 a6
23.fxe5 axb5 24.Bxd7 Qxd7 25.e6 Qe7 26.cxb5 Rxa2 27.Qf3 Ra8 28.b6 fxe6 29.dxe6 Rf8
30.Qe4 Rf6 31.Qa4 Rf8 32.Kh1 Qf6 33.Qe4 Qe7 34.Kg2 Ra8 35.Re2 Rf8 36.h4 Kg7
37.b4 cxb4 38.Rc2 Qf6 39.Qxb7+ Kh6 40.e7 Rf7 41.e8=Q  1-0

[Event "ESP-chT"]
[Site "Cala Galdana"]
[Date "1994.??.??"]
[Round "?"]
[White "Rogers, Ian"]
[Black "Speelman, Jonathan S"]
[Result "1-0"]
[WhiteElo "2565"]
[BlackElo "2605"]

1.d4 Nf6 2.c4 e6 3.Nf3 d5 4.Nc3 c6 5.Bg5 Nbd7 6.cxd5 exd5 7.e3 Be7 8.Qc2 O-O
9.Bd3 Re8 10.O-O Nf8 11.Rae1 Be6 12.Ne5 N6d7 13.Bxe7 Rxe7 14.f4 f6 15.Nf3 Rc8
16.f5 Bf7 17.g4 c5 18.Qf2 a6 19.Nh4 b5 20.a3 Qb6 21.Ng2 Rce8 22.Rc1 Qd6 23.Qf4 Qxf4
24.Rxf4 cxd4 25.exd4 g5 26.Rf2 Nb6 27.b3 h5 28.h3 h4 29.Na2 Nfd7 30.Rc6 Kg7
31.Rfc2 a5 32.Bxb5 a4 33.bxa4 Nc4 34.Rc7 Nxa3 35.R2c6 Rb8 36.Nc3 Kf8 37.Rc8+ Re8
38.Rxb8 Rxb8 39.Ne3 Nxb5 40.axb5 Rb6 41.Rc8+  1-0

[Event "ESP-chT"]
[Site "Cala Galdana"]
[Date "1994.??.??"]
[Round "?"]
[White "Pigusov, Evgeny"]
[Black "Speelman, Jonathan S"]
[Result "1/2-1/2"]
[WhiteElo "2570"]
[BlackElo "2605"]

1.Nf3 d5 2.g3 c6 3.Bg2 Bg4 4.c4 Nf6 5.cxd5 Bxf3 6.Bxf3 cxd5 7.Nc3 e6 8.O-O Nc6
9.d3 Be7 10.Bd2 a6 11.Rc1 O-O 12.a3 Rc8 13.Bg2 b5 14.Na2 Qd7 15.e3 a5 16.Rc2 b4  1/2-1/2

[Event "ESP-chT"]
[Site "Cala Galdana"]
[Date "1994.??.??"]
[Round "?"]
[White "Speelman, Jonathan S"]
[Black "Azmaiparashvili, Zurab"]
[Result "1-0"]
[WhiteElo "2600"]
[BlackElo "2625"]

1.d4 d6 2.e4 Nf6 3.f3 e6 4.Be3 Be7 5.c4 O-O 6.Nc3 c5 7.d5 a6 8.a4 b6 9.Bd3 Bb7
10.Nh3 e5 11.g3 Nh5 12.f4 exf4 13.gxf4 g6 14.Rg1 Ng7 15.Ng5 Bxg5 16.Rxg5 f6
17.Rg1 f5 18.Qf3 fxe4 19.Nxe4 Nd7 20.Bc2 Qh4+ 21.Bf2 Qe7 22.O-O-O Ne5 23.Qe2 Rxf4
24.Bg3 Nh5 25.Qxh5 gxh5 26.Bxf4+ Ng6 27.Bg5 Qe5 28.Nf6+ Kh8 29.Bxg6 hxg6
30.Rde1 Qxh2 31.Re7 Qxg1+ 32.Kc2 Qf2+ 33.Kb3 Qf3+ 34.Ka2 Qxf6 35.Bxf6+ Kg8
36.Rxb7 b5 37.Rg7+ Kf8 38.Rh7 bxa4 39.Bc3 Re8 40.Rh8+ Kf7 41.Rxe8 Kxe8 42.Bf6  1-0

[Event "ESP-chT"]
[Site "Cala Galdana"]
[Date "1994.??.??"]
[Round "?"]
[White "Speelman, Jonathan S"]
[Black "Bernal Caaman, Jose Luis"]
[Result "1/2-1/2"]
[WhiteElo "2605"]
[BlackElo "2270"]

1.d4 Nf6 2.Nf3 g6 3.Nc3 d5 4.Bf4 Bg7 5.e3 O-O 6.Be2 Bf5 7.Ne5 c5 8.dxc5 Qa5
9.O-O Qxc5 10.Bf3 Nc6 11.Nxc6 bxc6 12.Be5 Rfd8 13.Rb1 a5 14.a3 a4 15.Qe2 Nd7
16.Bxg7 Kxg7 17.e4 Be6 18.exd5 cxd5 19.Rfd1 Nb6 20.Qe5+ Kg8 21.Ne4 Qxc2 22.Rbc1 Nc4
23.Qd4 Qxb2 24.Rxc4 Qa2 25.Rxa4 dxe4 26.Qxd8+ Rxd8 27.Rxd8+ Kg7 28.Rxe4 Bd5
29.Rxd5 Qxd5 30.Rxe7 Qc5 31.Re1 Qxa3 32.h3 h5 33.h4  1/2-1/2

[Event "ESP-chT"]
[Site "Cala Galdana"]
[Date "1994.??.??"]
[Round "?"]
[White "Speelman, Jonathan S"]
[Black "Cramling, Pia"]
[Result "1/2-1/2"]
[WhiteElo "2605"]
[BlackElo "2515"]

1.d4 Nf6 2.Nf3 g6 3.c4 Bg7 4.Nc3 O-O 5.e4 d6 6.Be2 e5 7.d5 a5 8.Be3 Ng4 9.Bg5 f6
10.Bh4 Na6 11.Nd2 h5 12.Nf1 Bd7 13.f3 Nh6 14.Ne3 Nf7 15.b3 Bh6 16.Nc2 Ng5
17.Bf2 f5 18.h4 Nh7 19.a3 Nc5 20.b4 axb4 21.axb4 Na4 22.Nxa4 Bxa4 23.Bd3 Nf6
24.exf5 e4 25.fxe4 Ng4 26.e5 Nxe5 27.O-O Nxd3 28.Qxd3 Bxc2 29.Qxc2 Rxa1 30.Rxa1 Rxf5
31.Re1 Qf6 32.Re6 Qa1+ 33.Kh2 Kf7 34.Bg3 Bf8 35.b5 b6 36.Qe4 Qc1 37.Qd3 Bg7
38.Re1 Qc3 39.Qxc3 Bxc3 40.Re3 Bb4 41.Re4 Bd2 42.Re2  1/2-1/2

[Event "ESP-chT"]
[Site "Cala Galdana"]
[Date "1994.??.??"]
[Round "?"]
[White "Spraggett, Kevin"]
[Black "Speelman, Jonathan S"]
[Result "1/2-1/2"]
[WhiteElo "2550"]
[BlackElo "2605"]

1.c4 e6 2.Nf3 d5 3.e3 Nf6 4.b3 Be7 5.Bb2 O-O 6.d4 b6 7.Bd3 Bb7 8.O-O Nbd7
9.Nc3 c5 10.Qe2 Qb8 11.cxd5 exd5 12.Rfd1 a6 13.Bf5 Rd8 14.Rac1 b5 15.dxc5 Nxc5
16.Nd4 Bf8 17.g3 b4 18.Na4 Nxa4 19.bxa4 Ne4 20.Bxe4 dxe4 21.Nf5 Rxd1+ 22.Rxd1 Qc8
23.Qg4 g6 24.Rd7 Bc6 25.Qg5 Bxd7 26.Qf6 Qc3 27.Bxc3 bxc3 28.Nd4 Bxa4 29.Qb6 c2
30.Nxc2  1/2-1/2

[Event "ESP-chT"]
[Site "Cala Galdana"]
[Date "1994.??.??"]
[Round "5"]
[White "Speelman, Jonathan S"]
[Black "Illescas Cordoba, Miguel"]
[Result "1/2-1/2"]
[WhiteElo "2605"]
[BlackElo "2590"]

1.Nf3 Nf6 2.c4 c6 3.b3 g6 4.Bb2 Bg7 5.g3 O-O 6.Bg2 d6 7.O-O e5 8.d3 Nbd7
9.Nbd2 Re8 10.Qc2 d5 11.e3 b6 12.b4 Bb7  1/2-1/2

[Event "Lloyds Bank op"]
[Site "London"]
[Date "1994.??.??"]
[Round "1"]
[White "Ben Menachem, Itzhak"]
[Black "Speelman, Jonathan S"]
[Result "1/2-1/2"]
[WhiteElo "2345"]
[BlackElo "2600"]

1.d4 d6 2.e4 Nf6 3.Nc3 g6 4.g3 Bg7 5.Bg2 O-O 6.Nge2 Na6 7.O-O c5 8.h3 Rb8
9.a4 b6 10.Re1 Bb7 11.d5 Nc7 12.Bf4 h6 13.g4 a6 14.Rb1 Nd7 15.b4 Kh7 16.Bh2 cxb4
17.Rxb4 Nc5 18.f4 b5 19.axb5 axb5 20.e5 N5a6 21.Rd4 b4 22.Nb1 Nb5 23.Rd2 Rc8
24.Kh1 Qc7 25.Ng1 Nc5 26.f5 dxe5 27.fxg6+ fxg6 28.Nf3 Nd7 29.Rde2 Rf7 30.Nxe5 Nxe5
31.Bxe5 Bxe5 32.Rxe5 Qxc2 33.Rxe7 Qxd1 34.Rxf7+ Kg8 35.Rxd1 Kxf7 36.Nd2 Nc3
37.Rf1+ Kg7 38.Rf4 Nxd5 39.Rd4 Rc5 40.Kh2 Kf6 41.Ne4+ Ke5 42.Rxb4 Nxb4 43.Nxc5 Bc8
44.Kg3 g5 45.h4  1/2-1/2

[Event "Lloyds Bank op"]
[Site "London"]
[Date "1994.??.??"]
[Round "2"]
[White "Speelman, Jonathan S"]
[Black "Rosenberg, Daniel"]
[Result "1-0"]
[WhiteElo "2600"]
[BlackElo "2205"]

1.Nf3 Nf6 2.c4 g6 3.Nc3 Bg7 4.e4 d6 5.d4 O-O 6.h3 e5 7.d5 a5 8.g4 Na6 9.Be3 c6
10.Nd2 Bd7 11.Be2 cxd5 12.cxd5 Nc5 13.a4 Qb6 14.Nb5 Bxb5 15.Bxb5 Rac8 16.Kf1 Qd8
17.Qf3 Ne8 18.h4 h6 19.h5 g5 20.Qe2 Bf6 21.Kg2 Qc7 22.Rhc1 Bd8 23.Bxe8 Rxe8
24.Bxc5 dxc5 25.Qb5 Rf8 26.Nc4 Qe7 27.Ne3 c4 28.Nf5 Qb4 29.Qxb4 axb4 30.Nd6 c3
31.Rab1 Ra8 32.bxc3 bxc3 33.Rxc3 Rxa4 34.Rxb7 Ba5 35.Rd3 f6 36.Ra7 Ra1 37.Nf5 Rb8
38.Ne7+ Kf8 39.Rxa5 Rxa5 40.Nc6  1-0

[Event "Lloyds Bank op"]
[Site "London"]
[Date "1994.??.??"]
[Round "3"]
[White "Webster, Andrew"]
[Black "Speelman, Jonathan S"]
[Result "0-1"]
[WhiteElo "2405"]
[BlackElo "2600"]

1.g3 d5 2.Nf3 c6 3.b3 Bg4 4.Bg2 Nd7 5.Ba3 e5 6.Bxf8 Kxf8 7.c4 e4 8.Nd4 dxc4
9.Qc2 Ngf6 10.bxc4 Ne5 11.Nb3 Qe7 12.Nc3 Nxc4 13.a4 Bf3 14.O-O Bxg2 15.Kxg2 h5
16.Rfd1 Re8 17.h3 Rh6 18.a5 Rg6 19.Ra4 Nd6 20.Nc5 b6 21.axb6 axb6 22.Nb3 Nf5
23.Rg1 b5 24.Ra6 h4 25.g4 Nxg4 26.hxg4 Rxg4+ 27.Kf1 Rxg1+ 28.Kxg1 Qg5+ 29.Kh2 h3
30.Kxh3 Qh4+ 31.Kg2 Qg4+ 32.Kf1 Qh3+  0-1

[Event "Lloyds Bank op"]
[Site "London"]
[Date "1994.??.??"]
[Round "4"]
[White "Speelman, Jonathan S"]
[Black "Arkell, Keith C"]
[Result "1-0"]
[WhiteElo "2600"]
[BlackElo "2470"]

1.Nf3 Nf6 2.c4 c5 3.Nc3 Nc6 4.d4 cxd4 5.Nxd4 e6 6.a3 Nxd4 7.Qxd4 d6 8.g3 Bd7
9.Bg2 Bc6 10.e4 Be7 11.O-O O-O 12.b4 Qb8 13.Bb2 Rc8 14.Rfe1 a6 15.Nd5 Bxd5
16.exd5 e5 17.Qd3 Nd7 18.Bh3 Rd8 19.f4 b5 20.c5 dxc5 21.fxe5 cxb4 22.axb4 Bxb4
23.e6 Bc5+ 24.Kh1 fxe6 25.Bxe6+ Kh8 26.Rf1 Ne5 27.Qe2 Bd6 28.Rf5 Ng6 29.Qh5  1-0

[Event "Lloyds Bank op"]
[Site "London"]
[Date "1994.??.??"]
[Round "5"]
[White "Frias, Victor J"]
[Black "Speelman, Jonathan S"]
[Result "1/2-1/2"]
[WhiteElo "2480"]
[BlackElo "2600"]

1.d4 d5 2.Nf3 Bf5 3.c4 e6 4.cxd5 exd5 5.Bg5 f6 6.Bd2 c6 7.g3 Qb6 8.Bc3 Bb4
9.Nbd2 Nd7 10.Bg2 Ne7 11.O-O O-O 12.a3 Bd6 13.b4 Rae8 14.Nb3 Ng6 15.Nc5 Qc7
16.a4 Qc8 17.Ra2 Nxc5 18.bxc5 Bb8 19.Rb2 Rf7 20.Nd2 h5 21.h4 Bh3 22.e3 Bxg3
23.fxg3 Bxg2 24.Kxg2 Nxh4+ 25.gxh4 Rxe3 26.Nf3 Rxc3 27.Re2 b6 28.cxb6 axb6
29.Kh1 Qh3+ 30.Rh2 Qg4 31.Rg2 Qh3+ 32.Rh2 Qg4 33.Rg2  1/2-1/2

[Event "Lloyds Bank op"]
[Site "London"]
[Date "1994.??.??"]
[Round "7"]
[White "Petursson, Margeir"]
[Black "Speelman, Jonathan S"]
[Result "1-0"]
[WhiteElo "2540"]
[BlackElo "2600"]

1.d4 d5 2.c4 dxc4 3.e4 Nf6 4.e5 Nd5 5.Bxc4 Nb6 6.Bb3 Nc6 7.Ne2 Bf5 8.Nbc3 e6
9.O-O Qd7 10.a3 O-O-O 11.Be3 Kb8 12.Ba2 Be7 13.b4 h5 14.Rc1 h4 15.Bb3 f6
16.exf6 gxf6 17.Na4 Rhg8 18.Nf4 Nd5 19.Bxd5 exd5 20.Kh1 Bd6 21.f3 Rde8 22.Qd2 Qg7
23.Nxd5 Ne7 24.Nac3 Bd3 25.Rfe1 Nf5 26.Bf4 Ng3+ 27.Bxg3 Rxe1+ 28.Rxe1 Bxg3
29.hxg3 hxg3 30.Qxd3 Qh6+ 31.Kg1 Qh2+ 32.Kf1 Qh1+ 33.Ke2 Re8+ 34.Ne3 Qxg2+
35.Kd1 Qxf3+ 36.Kd2 a6 37.Qe2 Qc6 38.Qg4 f5  1-0

[Event "Lloyds Bank op"]
[Site "London"]
[Date "1994.??.??"]
[Round "8"]
[White "Speelman, Jonathan S"]
[Black "De la Villa Garcia, Jesus Maria"]
[Result "1-0"]
[WhiteElo "2600"]
[BlackElo "2490"]

1.Nf3 d5 2.g3 Bg4 3.Bg2 Nd7 4.O-O Ngf6 5.d4 e6 6.Nbd2 c6 7.Re1 Be7 8.e4 O-O
9.c3 b5 10.a4 a6 11.h3 Bh5 12.Qe2 Qb6 13.a5 Qd8 14.e5 Ne8 15.b4 Nc7 16.Nf1 Bxf3
17.Bxf3 f6 18.Bg2 fxe5 19.dxe5 c5 20.Bd2 Nb8 21.bxc5 Bxc5 22.Be3 Qe7 23.Nd2 Nd7
24.Nb3 Bxe3 25.Qxe3 Rfc8 26.Nd4 Ne8 27.f4 g6 28.g4 Kh8 29.f5 gxf5 30.gxf5 exf5
31.Bxd5 Ra7 32.Nc6 Qg7+ 33.Kh1 Rac7 34.Rg1 Qf8 35.e6 f4 36.e7  1-0

[Event "Moscow ol (Men)"]
[Site "Moscow"]
[Date "1994.??.??"]
[Round "?"]
[White "Van der Sterren, Paul"]
[Black "Speelman, Jonathan S"]
[Result "0-1"]
[WhiteElo "2605"]
[BlackElo "2600"]

1.d4 d6 2.e4 Nf6 3.f3 d5 4.e5 Ng8 5.c4 e6 6.Nc3 dxc4 7.Be3 Nd7 8.Qa4 Ne7
9.Bxc4 Nf5 10.Bf2 c6 11.Bd3 Nb6 12.Qa5 Nxd4 13.Rd1 c5 14.Nge2 Nc6 15.Bb5 Qc7
16.Bxc6+ Qxc6 17.Nb5 Nd5 18.Rxd5 b6 19.Qa4 exd5 20.Nc7+ Kd7 21.Qxc6+ Kxc6
22.Nxa8 Be7 23.Nf4 Be6 24.Nxb6 axb6 25.Nxe6 fxe6 26.Kd2 Ra8 27.a3 d4 28.Re1 Kd5
29.Re4 Rf8 30.Kc2 b5 31.h3 Rf5 32.b4 Rxe5 33.Rxe5+ Kxe5 34.bxc5 Bxc5 35.Kd3 Kd5
36.f4 g6 37.Bg1 Bd6 38.g3 g5 39.Bxd4 gxf4 40.gxf4 Bxf4 41.Bb2 Bd6 42.Bc1 Bc5
43.Kc3 e5 44.Kb3 e4 45.a4 bxa4+ 46.Kxa4 Kc4 47.Bh6 e3  0-1

[Event "Moscow ol (Men)"]
[Site "Moscow"]
[Date "1994.??.??"]
[Round "3"]
[White "Speelman, Jonathan S"]
[Black "McNab, Colin Anderson"]
[Result "1/2-1/2"]
[WhiteElo "2600"]
[BlackElo "2465"]

1.d4 d6 2.e4 g6 3.c4 Nd7 4.Nc3 e5 5.d5 a5 6.Nf3 Bg7 7.Be2 Ngf6 8.Be3 Ng4
9.Bg5 f6 10.Bc1 Nc5 11.h3 Nh6 12.h4 f5 13.exf5 gxf5 14.Bg5 Qd7 15.Be3 Qe7
16.Ng5 O-O 17.Qc2 Nf7 18.O-O-O h6 19.Nxf7 Qxf7 20.f3 Bd7 21.g4 Rae8 22.Bxc5 dxc5
23.gxf5 Bxf5 24.Ne4 Bxe4 25.fxe4 Qf2 26.Bh5 Qxc2+ 27.Kxc2 Rf2+ 28.Rd2 Ref8
29.Rh2 Rxd2+ 30.Kxd2 Rf4 31.Bg6 Bf6 32.h5 Bg5 33.Kc2  1/2-1/2

[Event "Moscow ol (Men)"]
[Site "Moscow"]
[Date "1994.??.??"]
[Round "5"]
[White "Weemaes, Ronald"]
[Black "Speelman, Jonathan S"]
[Result "1/2-1/2"]
[WhiteElo "2330"]
[BlackElo "2600"]

1.e4 c6 2.d4 d5 3.Nc3 dxe4 4.Nxe4 Nd7 5.Bc4 Ngf6 6.Nxf6+ Nxf6 7.c3 Qc7 8.Qf3 e6
9.Ne2 b6 10.Bf4 Bd6 11.Qg3 Bxf4 12.Nxf4 Bb7 13.Nh5 O-O-O 14.Qxc7+ Kxc7 15.Nxf6 gxf6
16.f3 Rhg8 17.Kf2 c5 18.Rad1 cxd4 19.Rxd4 Rxd4 20.cxd4 Kd6 21.Bd3 Rc8 22.Ke3 h6
23.Rf1 Bd5 24.a3 a5 25.Re1 f5 26.g4 fxg4 27.fxg4 Ke7 28.h4 f6 29.Kf4 Kd6
30.Ke3 Rg8 31.Rg1 Bc6 32.Be2 Bd7 33.Bd3 Be8 34.Be2 Bd7 35.Bd3 e5 36.dxe5+ Kxe5
37.Kf3 h5 38.g5 Bg4+ 39.Ke3 fxg5 40.hxg5 Rxg5 41.b4 axb4 42.axb4 Rg8 43.Be2 Rg7
44.Bf3 Rg6 45.Rg2 Rg7 46.Rg1 Kf6 47.Bc6 Bf5 48.Ra1 Bd7 49.b5 Bxc6 50.bxc6 Rc7
51.Rc1 Ke6 52.Rh1 Kd5 53.Rxh5+ Kxc6 54.Kd4 Kb7 55.Rh1 b5 56.Rh6  1/2-1/2

[Event "Moscow ol (Men)"]
[Site "Moscow"]
[Date "1994.??.??"]
[Round "6"]
[White "Speelman, Jonathan S"]
[Black "Nielsen, Peter Heine"]
[Result "1/2-1/2"]
[WhiteElo "2600"]
[BlackElo "2485"]

1.d4 Nf6 2.c4 e6 3.Nc3 Bb4 4.e3 O-O 5.Bd3 d5 6.Nf3 c5 7.O-O dxc4 8.Bxc4 b6
9.Qe2 cxd4 10.Rd1 Bb7 11.Rxd4 Qe7 12.Bd2 Nc6 13.Rh4 Rfd8 14.a3 Bd6 15.Nb5 Bb8
16.Rc1 h6 17.Nbd4 Ne5 18.Ba6 Nxf3+ 19.Nxf3 Ne4 20.Bxb7 Qxb7 21.Be1 Bd6 22.Nd2 Nxd2
23.Bxd2  1/2-1/2

[Event "Moscow ol (Men)"]
[Site "Moscow"]
[Date "1994.??.??"]
[Round "7"]
[White "Ribli, Zoltan"]
[Black "Speelman, Jonathan S"]
[Result "1/2-1/2"]
[WhiteElo "2605"]
[BlackElo "2600"]

1.Nf3 Nf6 2.c4 e6 3.g3 d5 4.Bg2 Be7 5.O-O O-O 6.d4 dxc4 7.Qc2 a6 8.Qxc4 b5
9.Qc2 Bb7 10.Bf4 Nc6 11.Rd1 Nb4 12.Qc1 Rc8 13.Nc3 Nbd5 14.Nxd5 Nxd5 15.Bg5 c5
16.dxc5 Qe8 17.Bxe7 Qxe7 18.Ne5 Rxc5 19.Qd2 Nc3 20.Nd3 Nxd1 21.Nxc5 Qxc5
22.Rxd1 Bxg2 23.Kxg2 h6 24.Rc1 Qe7 25.Qf4 Qd7 26.b3 Rc8 27.Rxc8+ Qxc8 28.Qd6 Qc2
29.Qxa6 Qe4+ 30.Kg1  1/2-1/2

[Event "Moscow ol (Men)"]
[Site "Moscow"]
[Date "1994.??.??"]
[Round "8"]
[White "Speelman, Jonathan S"]
[Black "Alterman, Boris"]
[Result "1/2-1/2"]
[WhiteElo "2600"]
[BlackElo "2585"]

1.Nf3 c5 2.c4 g6 3.e3 Bg7 4.d4 Nf6 5.Nc3 O-O 6.Be2 d5 7.O-O cxd4 8.exd4 Nc6
9.Re1 Bg4 10.cxd5 Nxd5 11.h3 Be6 12.Bf1 Rc8 13.Bg5 h6 14.Be3 Kh7 15.Rc1 Nxc3
16.bxc3 Na5 17.h4 Bxa2 18.Nd2 Nc4 19.Ra1 Nxd2 20.Bxd2 Bd5 21.Rxa7 h5 22.Bg5 Qb6
23.Ra3  1/2-1/2

[Event "Moscow ol (Men)"]
[Site "Moscow"]
[Date "1994.??.??"]
[Round "14"]
[White "Speelman, Jonathan S"]
[Black "Rublevsky, Sergei"]
[Result "1-0"]
[WhiteElo "2600"]
[BlackElo "2565"]

1.Nf3 d5 2.g3 Bg4 3.Bg2 Nd7 4.O-O c6 5.d4 Ngf6 6.Nbd2 e6 7.Re1 Be7 8.e4 O-O
9.c3 c5 10.exd5 Nxd5 11.Nc4 Rc8 12.Ne3 Nxe3 13.Bxe3 Nf6 14.Qb3 Bxf3 15.Bxf3 b6
16.Rad1 c4 17.Qa4 Rc7 18.Bg5 Qd7 19.Qxd7 Rxd7 20.a4 h6 21.Bxf6 Bxf6 22.d5 exd5
23.Rxd5 Rc7 24.Re4 g6 25.Be2 Rfc8 26.a5 bxa5 27.Rxa5 Kg7 28.Kf1 Bg5 29.Ra1 h5
30.h4 Bf6 31.Ra4 Kf8 32.Ra6 Be7 33.Rf4 Kg7 34.Ra4 Rb8 35.Bxc4 Bf6 36.Ra2 Rcb7
37.Ra6 Rb6 38.Rxa7 R8b7 39.Rxb7 Rxb7 40.Bd5 Rxb2 41.c4 Rc2 42.Rf3 Rc3 43.Rxc3 Bxc3
44.c5 Kf6 45.c6 Ba5 46.f3 Ke7 47.Kg2 Bd8 48.f4 Bb6 49.Kf3 Bc7 50.Bb3 Ba5
51.Ke4 Bb6 52.Kd5 Bf2 53.Ba4 Bb6 54.Bb5 Ba5 55.Kc5 Kd8 56.Bc4 Be1 57.Kb6  1-0

[Event "PCA-op playoff"]
[Site "New York"]
[Date "1994.??.??"]
[Round "?"]
[White "Nikolic, Predrag"]
[Black "Speelman, Jonathan S"]
[Result "1-0"]
[WhiteElo "2655"]
[BlackElo "2600"]

1.d4 d6 2.c4 e5 3.Nf3 e4 4.Ng5 f5 5.Nc3 c6 6.d5 Be7 7.Nh3 Bf6 8.g3 Na6 9.Bg2 Ne7
10.O-O O-O 11.Be3 Nc7 12.Bd4 Bxd4 13.Qxd4 c5 14.Qd2 Ng6 15.f3 exf3 16.exf3 Bd7
17.f4 h6 18.Nf2 b5 19.b3 Qf6 20.Rab1 b4 21.Ne2 a5 22.a3 Rfe8 23.Ra1 Qe7 24.Nc1 Qe3
25.Qxe3 Rxe3 26.Nfd3 Nh8 27.Kf2 Nf7 28.Re1 Ree8 29.Re2 g5 30.Rea2 Kg7 31.axb4 axb4
32.Ra7 Rac8 33.Rb7 Nd8 34.Rb6 Nf7 35.Ra7 Re7 36.Rbb7 Be8 37.fxg5 hxg5 38.h4 Kf6
39.Ne2 Ra8 40.hxg5+ Nxg5 41.Rxa8 Nxa8 42.Rb8 Nc7 43.Rb6 Nf7 44.Nxc5 Na8 45.Ra6 Nc7
46.Rb6 Na8 47.Rb8 dxc5 48.Rxa8 Nd6 49.Nf4 Ke5 50.Ne2 Bh5 51.Nf4 Be8 52.Ne6 Bh5
53.Nxc5 Bd1 54.Ra1 Bh5 55.Re1+ Kf6 56.Rxe7 Kxe7 57.Nd3 Bd1  1-0

[Event "PCA-op playoff"]
[Site "New York"]
[Date "1994.??.??"]
[Round "?"]
[White "Kamsky, Gata"]
[Black "Speelman, Jonathan S"]
[Result "1-0"]
[WhiteElo "2695"]
[BlackElo "2600"]

1.e4 c6 2.d4 d5 3.exd5 cxd5 4.c4 Nf6 5.Nc3 e6 6.Nf3 Bb4 7.Bd3 dxc4 8.Bxc4 O-O
9.O-O b6 10.Bg5 Bb7 11.Qd3 Nbd7 12.Rac1 Rc8 13.Ba6 Bxa6 14.Qxa6 Bxc3 15.bxc3 Qc7
16.c4 Ne4 17.Be3 e5 18.dxe5 Nxe5 19.Nd4 Rfe8 20.f4  1-0

[Event "PCA-op"]
[Site "New York"]
[Date "1994.??.??"]
[Round "6"]
[White "Speelman, Jonathan S"]
[Black "Hjartarson, Johann"]
[Result "1/2-1/2"]
[WhiteElo "2600"]
[BlackElo "2585"]

1.d4 Nf6 2.Nf3 e6 3.g3 b5 4.Bg2 Bb7 5.O-O c5 6.Na3 Qb6 7.c4 b4 8.Nc2 cxd4
9.Ncxd4 Na6 10.Nb3 Be7 11.Be3 Qc7 12.Rc1 d6 13.Bh3 O-O 14.Nfd4 Nc5 15.Qd2 a5
16.Nb5 Qc6 17.f3 Nxb3 18.axb3 e5 19.Bg5 d5 20.e3 dxc4 21.bxc4 Ne4 22.fxe4 Bxg5
23.Bg2 Qc5 24.Rce1 Rad8 25.Qe2 a4 26.h4 Be7 27.Ra1 Ra8 28.Kh2 a3 29.bxa3 bxa3
30.Rfb1 Bc8 31.Nc3 Be6 32.Nd5 Rfb8 33.Rb5 Rxb5 34.cxb5 Rb8 35.Rb1 Bf8 36.Qd3 h5
37.Bf1 f5 38.Bh3 a2 39.Ra1 Rxb5 40.Rxa2 Bxd5 41.Qxd5+ Qxd5  1/2-1/2

[Event "PCA-op"]
[Site "New York"]
[Date "1994.??.??"]
[Round "9"]
[White "Chernin, Alexander"]
[Black "Speelman, Jonathan S"]
[Result "1/2-1/2"]
[WhiteElo "2615"]
[BlackElo "2600"]

1.c4 e6 2.g3 d5 3.Bg2 Nf6 4.d4 Be7 5.Nf3 O-O 6.Qc2 Nc6 7.a3 dxc4 8.Qxc4 Qd5
9.Nbd2 Rd8 10.e3 a5 11.O-O a4 12.Qc2 Qf5 13.Qd1 Qb5 14.Nb1 e5 15.Nc3 Qa5
16.Qe1 exd4 17.Nxd4 Ne5 18.Bd2 Qb6 19.Rb1 c5 20.Nf3 Nxf3+ 21.Bxf3 Bh3 22.Bg2 Bxg2
23.Kxg2 Qc6+ 24.e4 h6 25.f3 b5 26.Nd1 Rd7 27.Bc3 Qb7 28.Ne3 b4 29.Bxf6 Bxf6
30.Nd5 Bd4 31.axb4 cxb4  1/2-1/2

[Event "PCA-op"]
[Site "New York"]
[Date "1994.??.??"]
[Round "11"]
[White "Kamsky, Gata"]
[Black "Speelman, Jonathan S"]
[Result "1/2-1/2"]
[WhiteElo "2695"]
[BlackElo "2600"]

1.d4 e6 2.c4 b6 3.Nc3 Bb4 4.Nf3 Bb7 5.e3 Nf6 6.Bd3 O-O 7.O-O d5 8.a3 Bd6
9.b4 dxc4 10.Bxc4 Nbd7 11.Bb2 a6 12.Qe2 e5 13.Rad1 e4 14.Ne5 Qe7 15.Nxd7 Qxd7
16.h3 Rfe8 17.Rd2 Qf5 18.Qd1 Qg6 19.Kh1 Rad8 20.Ne2 b5 21.Bb3 Bd5 22.Nc3 Bxb3
23.Qxb3 h5 24.Ne2 Qf5 25.d5 Be5 26.Bxe5 Qxe5 27.Rfd1 Rd7 28.Rd4 Rd6 29.Nc3 c6
30.a4 bxa4 31.Qxa4 cxd5 32.Nxd5 Nxd5 33.Rxd5 Rxd5 34.Rxd5 Qxd5 35.Qxe8+ Kh7
36.Qe7 g6 37.Kh2 Kg7  1/2-1/2

[Event "NLD-chT9495"]
[Site "?"]
[Date "1994.??.??"]
[Round "5"]
[White "Speelman, Jonathan S"]
[Black "Peek, Marcel"]
[Result "1-0"]
[WhiteElo "2605"]
[BlackElo "2300"]

1.Nf3 Nf6 2.c4 g6 3.Nc3 d5 4.cxd5 Nxd5 5.Qb3 Nb6 6.d4 Bg7 7.Bf4 Be6 8.Qc2 Nc6
9.e4 Nb4 10.Qb1 O-O 11.a3 Na6 12.d5 Bd7 13.Be5 e6 14.Bxg7 Kxg7 15.Bxa6 bxa6
16.O-O exd5 17.exd5 Rb8 18.Qd3 Qf6 19.Rfd1 Bf5 20.Qxa6 Nxd5 21.Qxa7 Nf4 22.Qd4 Qxd4
23.Rxd4 Ne6 24.Rd2 Nc5 25.Nd4 Rfd8 26.Rad1 Re8 27.h3 Nb3 28.Nxf5+ gxf5 29.Rd3 c5
30.Kh2 Re6 31.Rg3+ Rg6 32.Re3 Nd4 33.Na4 Rc6 34.b4 Ne6 35.Nxc5 Nxc5 36.Rc1 Ra8
37.Rxc5  1-0

[Event "NLD-chT9495"]
[Site "?"]
[Date "1994.??.??"]
[Round "8"]
[White "Douven, Rudy C"]
[Black "Speelman, Jonathan S"]
[Result "1/2-1/2"]
[WhiteElo "2390"]
[BlackElo "2605"]

1.d4 d6 2.c4 e5 3.Nc3 exd4 4.Qxd4 Nf6 5.e4 g6 6.Bg5 Nbd7 7.Qd2 Bg7 8.f3 O-O
9.Nh3 Re8 10.Nf2 Nc5 11.Be2 a6 12.Rd1 Bd7 13.O-O b5 14.Nd5 bxc4 15.Bxc4 Be6
16.b3 Ncd7 17.Qa5 Bxd5 18.Bxd5 Rb8 19.Qxa6 h6 20.Be3 Nxd5 21.Rxd5 Ra8 22.Qe2 Qe7
23.Qd2 Kh7 24.Ra5 Nf6 25.Rxa8 Rxa8 26.a4 Rb8 27.b4 Qe6 28.a5 d5 29.Bc5 dxe4
30.Nxe4 Nd7 31.Bf2 Ne5 32.Rb1 Nc4 33.Qa2 Qd5 34.a6 Rxb4 35.a7 Rb2 36.a8=Q Rxb1+
37.Qxb1 Qxa8 38.h4 Qa1 39.Qxa1 Bxa1 40.Bg3 Be5 41.Bxe5 Nxe5 42.Nf6+ Kh8 43.Kf2 c5
44.f4 Nc6 45.Ne4 c4 46.Ke3 Kg7 47.g4 Ne7 48.Kd4 f5 49.gxf5 Nxf5+ 50.Kxc4 Nxh4
51.Kd5 Kf7 52.Nf2 h5 53.Ke5 Nf5 54.Nh3 Nh6 55.Ng5+ Ke7 56.Ke4 Nf7 57.Nh7 Ke6
58.Nf8+ Kf6 59.Nd7+ Ke7 60.Nb6 Ke6 61.Ke3 Nd6 62.Kf3 Kf5 63.Nd5 Nc4 64.Kg3 Ke6
65.Nc7+ Kf5 66.Nd5 Nd2 67.Ne7+ Kf6 68.Nd5+ Ke6 69.Ne3 Ne4+ 70.Kh4 Kf6 71.f5 gxf5
72.Nxf5 Kxf5 73.Kxh5  1/2-1/2